Library Banner

Sage brief guide to corporate social responsibility (Record no. 46744)

MARC details
000 -LEADER
fixed length control field 00515nam a2200181Ia 4500
001 - CONTROL NUMBER
control field 48967
008 - FIXED-LENGTH DATA ELEMENTS--GENERAL INFORMATION
fixed length control field 140430s9999 xx 000 0 und d
020 ## - INTERNATIONAL STANDARD BOOK NUMBER
International Standard Book Number 9781412997225
040 ## - CATALOGING SOURCE
Transcribing agency PK-LaUMT
082 ## - DEWEY DECIMAL CLASSIFICATION NUMBER
Classification number 658.408
Item number SAG-
110 ## - MAIN ENTRY--CORPORATE NAME
Corporate name or jurisdiction name as entry element Sage Publications, Inc
245 ## - TITLE STATEMENT
Title Sage brief guide to corporate social responsibility
Statement of responsibility, etc Sage Publications, Inc
260 ## - PUBLICATION, DISTRIBUTION, ETC. (IMPRINT)
Place of publication, distribution, etc New Delhi,India:
Name of publisher, distributor, etc Sterling Publishers,
Date of publication, distribution, etc 2012
300 ## - PHYSICAL DESCRIPTION
Extent 273 p.
546 ## - LANGUAGE NOTE
Language note EN
650 ## - SUBJECT ADDED ENTRY--TOPICAL TERM
Topical term or geographic name as entry element Social responsibility of business
942 ## - ADDED ENTRY ELEMENTS (KOHA)
Koha item type Books
Holdings
Withdrawn status Lost status Damaged status Not for loan Home library Current library Date acquired Total Checkouts Full call number Barcode Date last seen Price effective from Koha item type
        UMT Main Campus UMT Main Campus 2014-04-30   658.408 SAG- 58015 2014-05-06 2014-05-06 Books